<?xml version="1.0" encoding="UTF-8"?>
<collection xmlns:xsi="http://www.w3.org/2001/XMLSchema-instance" xsi:schemaLocation="http://www.loc.gov/MARC21/slim http://www.loc.gov/standards/marcxml/schema/MARC21slim.xsd" xmlns="http://www.loc.gov/MARC21/slim">
 <record>
  <leader>00000caa a22000003a 4500</leader>
  <controlfield tag="001">UP-1685594773862428888</controlfield>
  <controlfield tag="003">Buklod</controlfield>
  <controlfield tag="005">20211007111156.0</controlfield>
  <controlfield tag="006">m     |  |        </controlfield>
  <controlfield tag="007">ta</controlfield>
  <controlfield tag="008">211007s2007    xx      r    |||| u|eng d</controlfield>
  <datafield tag="035" ind1=" " ind2=" ">
   <subfield code="a">(iLib)UPBAG-00042615000</subfield>
  </datafield>
  <datafield tag="040" ind1=" " ind2=" ">
   <subfield code="a">BAG</subfield>
   <subfield code="e">rda</subfield>
  </datafield>
  <datafield tag="041" ind1="0" ind2=" ">
   <subfield code="a">eng</subfield>
  </datafield>
  <datafield tag="090" ind1=" " ind2=" ">
   <subfield code="a">ARTICLE-3899</subfield>
  </datafield>
  <datafield tag="100" ind1="1" ind2=" ">
   <subfield code="a">Talde, Daniel C.</subfield>
   <subfield code="e">author.</subfield>
  </datafield>
  <datafield tag="245" ind1="1" ind2="0">
   <subfield code="a">Bruna &quot;Bunang&quot; Fabrigar</subfield>
   <subfield code="b">the historical pulahan leader in Samar</subfield>
   <subfield code="c">Daniel C. Talde.</subfield>
  </datafield>
  <datafield tag="264" ind1=" " ind2="1">
   <subfield code="c">2007.</subfield>
  </datafield>
  <datafield tag="300" ind1=" " ind2=" ">
   <subfield code="a">pages [166]-207</subfield>
   <subfield code="c">23 cm</subfield>
  </datafield>
  <datafield tag="336" ind1=" " ind2=" ">
   <subfield code="a">text</subfield>
   <subfield code="2">rdacontent</subfield>
  </datafield>
  <datafield tag="337" ind1=" " ind2=" ">
   <subfield code="a">unmediated</subfield>
   <subfield code="2">rdamedia</subfield>
  </datafield>
  <datafield tag="338" ind1=" " ind2=" ">
   <subfield code="a">volume</subfield>
   <subfield code="2">rdacarrier</subfield>
  </datafield>
  <datafield tag="504" ind1=" " ind2=" ">
   <subfield code="a">Includes bibliographical references (pages 201-207).</subfield>
  </datafield>
  <datafield tag="520" ind1="3" ind2=" ">
   <subfield code="a">My paper documents the story of Bruna ?Bunang? Fabrigar of the Pulahan Movement in Samar, looking into her personal life/story, her contribution to the movement, and the circumstances that influenced her to join the movement. I used primarily memory documents to give an in-depth account of her life, drawn from the very people who saw, met, and lived with her in the municipality of Paranas, Western Samar and its neighboring towns. The memory documents were supplemented with textual data that have bearing on Pulahanism, millenarianism and women in history. My paper showed that, aside from her being a fantastic resistance fighter, Bunang was an attractive woman, tawhanon (humane), a tambalan (faith healer), and an efficient farmer, among others. Bunang?s Pulahanismo shared the characteristics of the other Pulahanismo of the major islands in the Visayas for being categorized by authorities as an organization of outlaws and for having a seditious-religious creed. These characterizations made Pulahanismo fall into the realm of millenarianism for adopting an illogical and mystical path to redemption. As peasant millenarians, most Pulahanes adopted confrontation as a form of resistance. Bunang?s role as a historic Filipina was manifested by her strong commitment to freedom and self-determination in her specific social setting.</subfield>
  </datafield>
  <datafield tag="773" ind1="0" ind2=" ">
   <subfield code="a">The Journal of  History</subfield>
   <subfield code="g">Vol. LIII, Number 1 (January-December 2007), p. [166]-207.</subfield>
  </datafield>
  <datafield tag="856" ind1="4" ind2="0">
   <subfield code="a">Request full-text access via UPB University Library through</subfield>
   <subfield code="u">https://forms.gle/KZjBv7aRtY6jiL5E9</subfield>
  </datafield>
  <datafield tag="856" ind1=" " ind2=" ">
   <subfield code="z">(viewed 07 October 2021)</subfield>
  </datafield>
  <datafield tag="905" ind1=" " ind2=" ">
   <subfield code="a">FI</subfield>
  </datafield>
  <datafield tag="852" ind1="0" ind2=" ">
   <subfield code="a">UPBAG</subfield>
   <subfield code="b">UPBAG-MAIN</subfield>
   <subfield code="h">ARTICLE-3899</subfield>
  </datafield>
  <datafield tag="942" ind1=" " ind2=" ">
   <subfield code="a">Analytics</subfield>
  </datafield>
 </record>
</collection>
